| 000 | 00560nam a2200205 i 4500 | ||
|---|---|---|---|
| 001 | 136078 | ||
| 003 | ES-MaACL | ||
| 005 | 20230906195030.0 | ||
| 007 | t| | ||
| 008 | 070214s1984 sp |||| | spa d | ||
| 100 | 1 |
_aRuiz Noguera, Francisco. _9100885 |
|
| 245 | 1 | 0 |
_aCampo de pluma / _cFrancisco Ruiz Noguera. |
| 250 | _a1ª ed. | ||
| 260 |
_aGranada : _bAntonio Ubago, _c1984. |
||
| 300 |
_a41 p. ; _c20 cm. |
||
| 490 | 1 |
_aAnade. _aPoesía ; _v20 |
|
| 830 | 0 |
_aAnade. _aPoesía ; _v20 _9219971 |
|
| 852 |
_aES-MaACL _jL-8072 |
||
| 999 |
_c136078 _d136078 |
||